Translation studies

Gorde:
Xehetasun bibliografikoak
Egile nagusia: Bassnett, Susan (Egilea)
Formatua: Liburua
Hizkuntza:ingelesa
Argitaratua: Londres Routledge 1991
Edizioa:2a. ed
Saila:New Accents
Gaiak:
Etiketak: Etiketa erantsi
Etiketarik gabe, Izan zaitez lehena erregistro honi etiketa jartzen!

MARC

LEADER 00000nam a2200000 a 4500
001 UCL9956
003 CL-VaPUC
008 040903e19910000UK |||||||||||||||||eng|d
020 |a 0415280141 
082 0 4 |a 418.02  |b BAS  |2 21 
100 0 |a Bassnett, Susan  |e author  |9 487907 
245 1 0 |a Translation studies 
250 |a 2a. ed 
300 |a 176 p 
942 |c BK 
945 |d 20040903 00:00:00  |a cmena 
260 |a Londres  |b Routledge  |c 1991 
650 0 |a Traducción e interpretación  |9 315998 
650 0 |a Análisis del discurso  |9 256696 
650 0 |a Lingüística aplicada   |9 313266 
583 |a last modification  |c 20040903 00:00:00  |k Rodrigo Vera 
490 0 |a New Accents 
999 |c 310571  |d 310569 
952 |0 0  |1 0  |4 0  |6 418_020000000000000_BAS_1991  |7 0  |8 A  |9 379185  |a BIBEDU  |b BIBEDU  |d 2019-11-21  |i 405945K  |l 3  |m 3  |o 418.02 BAS 1991  |p 405945K  |r 2024-10-22  |s 2024-10-08  |w 2019-11-21  |y BK  |k CIT